| 000 | 01404nam a2200361 a 4500 | ||
|---|---|---|---|
| 001 | ebr10007039 | ||
| 003 | CaPaEBR | ||
| 005 | 20251028192424.0 | ||
| 006 | m u | ||
| 007 | cr cn||||||||| | ||
| 008 | 020507s2002 enka s 001 0 eng | ||
| 015 | _aGBA1-U5485 | ||
| 016 | 7 |
_a1928994709 _2Uk |
|
| 020 |
_z1928994709(pbk.) : _c£33.95 |
||
| 040 |
_aCaPaEBR _cCaPaEBR |
||
| 035 | _a(OCoLC)646706628 | ||
| 050 | 1 | 4 |
_aQA76.9.A25 _bR874 2002eb |
| 082 | 0 | 4 |
_a005.8 _221 |
| 090 |
_c58344 _d58340 |
||
| 245 | 0 | 0 |
_aHack proofing your network _h[electronic resource] / _c[contributors] David R. Mirza Ahmad ... [et al.] ; technical editor, Ryan Russell. |
| 250 | _a2nd ed. | ||
| 260 |
_aRockland, Mass. ; _a[Great Britain] : _bSyngress, _cc2002. |
||
| 300 |
_axxxiv, 787 p. : _bill. ; _c24 cm. |
||
| 500 | _aPrevious ed.: 2000. | ||
| 500 | _aIncludes index. | ||
| 533 |
_aElectronic reproduction. _bPalo Alto, Calif. : _cebrary, _d2005. _nAvailable via World Wide Web. _nAccess may be limited to ebrary affiliated libraries. |
||
| 650 | 0 |
_aComputer networks _xSecurity measures. _91602 |
|
| 655 | 7 |
_aElectronic books. _2local _9190 |
|
| 700 | 1 |
_aAhmad, David R. Mirza. _991513 |
|
| 700 | 1 |
_aRussell, Ryan, _d1969- _991514 |
|
| 710 | 2 |
_aebrary, Inc. _9191 |
|
| 856 | 4 | 0 |
_uhttp://site.ebrary.com/lib/strathmore/Doc?id=10007039 _zAn electronic book accessible through the World Wide Web; click to view |
| 999 |
_c58344 _d58340 |
||